000
00318nam a22001457a 4500
008
221007b ||||| |||| 00| 0 eng d
020
_a
0397554133
041
_a
eng
080
_2
FIFTH EDITION
_a
616
082
_a
616
100
_a
14.2
101
_a
PATH
245
_a
PATHOPHYSIOLOGY
_c
PORTH C
942
_2
udc
_c
BK
999
_c
58420
_d
58420